00911 2200325 4500001002100000005001500021035002000036007000300056040001600059245006700075250001300142300003900155020001800194041000800212082000800220090001900228264003700247336002100284337003000305338002300335650003500358850001000393008004100403100003100444084001400475700004200489990001800531990001800549990001800567INLIS00000000000440220260526110931 a0010-0122000034ta aSBUPADbind1 aMembangun Forum Diskusi Online dengan PhpBB /cLaksamana Media a.-Cet. 1 a224 hal, :billus. ;c14,5 x 21 cm a979-877-045-50 aind a610 a005 MAT t L1-7 a.--Yogyakarta :bMediakom,c2009 2rdacontentaTeks 2rdamediaaTanpa Perantara 2rdacarrieravolume 4aMembangun Forum Diskusi Online aPUPAD260526 0 0 aLaksamana MediaePengarang a610 LAK m aPengarang, Laksamana MediaePengarang a10995/BR/2009 a11875/BR/2009 a10994/BR/2009